Los fichajes más caros del fútbol por posición - Estadísticas

Estadísticas generales
  • Esta prueba ha sido intentada 166 veces
  • La puntuación promedio es 12 de 13
Estadísticas de respuestas
Posición Coste (M €) Temporada Nacionalidad Último club Nuevo club Jugador % Correcto
Delantero centro 180,00 2018-2019 Francia Mónaco PSG Kylian Mbappé
100%
Extremo izquierdo 222,00 2017-2018 Brasil FC Barcelona PSG Neymar
100%
Extremo derecho 135,00 2017-2018 Francia Borussia Dortmund FC Barcelona Ousmane Dembélé
100%
Mediocentro ofensivo 135,00 2017-2018 Brasil Liverpool FC Barcelona Philippe Coutinho
98%
Lateral derecho 68,00 2021-2022 Marruecos Inter Borussia Dortmund Achraf Hakimi
96%
Mediocentro 121,00 2022-2023 Argentina Benfica Chelsea Enzo Fernández
96%
Defensa central 87,00 2019-2020 Inglaterra Leicester City Manchester United Harry Maguire
96%
Portero 80,00 2018-2019 España Athletic Chelsea Kepa Arrizabalaga
96%
Lateral izquierdo 90,00 2023-2024 Croacia RB Leipzig Manchester City Josko Gvardiol
94%
Pivote 116,60 2023-2024 Inglaterra West Ham Arsenal Declan Rice
91%
Mediapunta 41,00 2015-2016 Argentina US Palermo Juventus Paulo Dybala
91%
Interior izquierdo 45,00 2001-2002 República Checa Lazio Juventus Pavel Nedved
78%
Interior derecho 48,00 2001-2002 España Valencia CF Lazio Gaizka Mendieta
36%
No se encontraron pruebas coincidentes
Distribución de puntuación
Porcentaje de gente con cada puntuación
Porcentaje por número respondido
Historial de tus puntuaciones
No has intentado esta prueba.